| 000 | 00357nam a22001217a 4500 | ||
|---|---|---|---|
| 082 |
_a330 _bMUD _cL-31,P-137 |
||
| 100 |
_aMudodi,Abu ali _938357 |
||
| 245 |
_aMuashiyat e Islam _cAbu Ali Modudi _bمعاشیات اسلام |
||
| 260 |
_aKarachi. : _bIdara e Islami . _c1981 |
||
| 300 | _a432 p. | ||
| 526 |
_a0 _b0 _c0 _d330_000000000000000_MUD |
||
| 942 |
_2ddc _cBK |
||
| 999 |
_c542968 _d542968 |
||